[Event "NOR-ch Rapid"]
[Site "Drammen"]
[Date "2023.01.08"]
[Round "9"]
[White "Nordquelle, Daniel"]
[Black "Fossan, Erik"]
[Result "1-0"]
[WhiteElo "2151"]
[BlackElo "2334"]
[PlyCount "87"]
[EventDate "2023.01.07"]
[EventType "swiss (rapid)"]
[EventRounds "10"]
[EventCountry "NOR"]
[SourceTitle "CBM 212 Extra"]
[Source "ChessBase"]
[SourceDate "2023.03.31"]
[SourceVersion "1"]
[SourceVersionDate "2023.03.31"]
[SourceQuality "1"]

1. e4 d5 2. exd5 Nf6 3. Nf3 Qxd5 4. d4 Bg4 5. Be2 Nc6 6. c4 Qf5 7. Be3 0-0-0 8. Nbd2 e5 9. d5 Nb4 10. 0-0 Nc2 11. Rc1 Nxe3 12. fxe3 Bc5 13. Rc3 h5 14. a3 e4 15. Nd4 Qe5 16. N4b3 Bd6 17. g3 Bh3 18. Rf2 h4 19. g4 Qg5 20. Rxf6 Qxf6 21. Nxe4 Qe5 22. Nxd6+ Rxd6 23. e4 Bxg4 24. Bxg4+ Kb8 25. Nc5 Qf4 26. Qf3 Qd2 27. Qe2 Qd4+ 28. Qe3 Qxe3+ 29. Rxe3 b6 30. Nd7+ Kb7 31. Ne5 Rf8 32. h3 g5 33. b4 f6 34. Nc6 Re8 35. Kf2 a6 36. c5 bxc5 37. bxc5 Rxc6 38. dxc6+ Kxc6 39. Bf5 Kxc5 40. Rc3+ Kb6 41. Kf3 c5 42. Kg4 Re5 43. Kh5 Re8 44. Kg4 1-0

[Event "NOR-ch Rapid"]
[Site "Drammen"]
[Date "2023.01.07"]
[Round "4"]
[White "Fossan, Erik"]
[Black "Ostenstad, Berge"]
[Result "0-1"]
[WhiteElo "2334"]
[BlackElo "2442"]
[PlyCount "62"]
[EventDate "2023.01.07"]
[EventType "swiss (rapid)"]
[EventRounds "10"]
[EventCountry "NOR"]
[SourceTitle "CBM 212 Extra"]
[Source "ChessBase"]
[SourceDate "2023.03.31"]
[SourceVersion "1"]
[SourceVersionDate "2023.03.31"]
[SourceQuality "1"]

1. e4 c5 2. c3 d5 3. exd5 Qxd5 4. d4 Nf6 5. Nf3 e6 6. Be2 cxd4 7. cxd4 Be7 8. 0-0 Nc6 9. Nc3 Qd8 10. Be3 0-0 11. Ne5 Nb4 12. Bf3 a6 13. Qb3 Nbd5 14. Rad1 Nxe3 15. fxe3 Nd7 16. Nc4 Rb8 17. e4 b5 18. Ne3 Qb6 19. e5 Nxe5 20. Kh1 Nxf3 21. Rxf3 Bb7 22. d5 Bc5 23. Ng4 Rbd8 24. Nh6+ gxh6 25. Rg3+ Kh8 26. Na4 bxa4 27. Qf3 f6 28. Qg4 Rg8 29. Qh4 Rxg3 30. hxg3 Qxb2 31. Rf1 Bxd5 0-1

[Event "NOR-ch Blitz"]
[Site "Drammen"]
[Date "2023.01.06"]
[Round "9"]
[White "Fossan, Erik"]
[Black "Gvein, Kenneth"]
[Result "1-0"]
[WhiteElo "2334"]
[BlackElo "2151"]
[PlyCount "55"]
[EventDate "2023.01.06"]
[EventType "swiss (blitz)"]
[EventRounds "9"]
[EventCountry "NOR"]
[SourceTitle "CBM 212 Extra"]
[Source "ChessBase"]
[SourceDate "2023.03.31"]
[SourceVersion "1"]
[SourceVersionDate "2023.03.31"]
[SourceQuality "1"]

1. e4 c5 2. c3 Nf6 3. e5 Nd5 4. d4 cxd4 5. Nf3 Nc6 6. cxd4 d6 7. Bc4 dxe5 8. Nxe5 Nxe5 9. dxe5 e6 10. 0-0 Be7 11. Qg4 g6 12. Bh6 Bd7 13. Nd2 b5 14. Bb3 a5 15. a3 Qc7 16. Rfe1 a4 17. Ba2 Qc2 18. Ne4 Qxb2 19. Bg5 Bxg5 20. Qxg5 0-0 21. Bxd5 exd5 22. Nf6+ Kg7 23. Nxd7 Rfd8 24. Nf6 h6 25. Qf4 d4 26. Ng4 Ra6 27. Qxh6+ Kg8 28. Nf6+ 1-0

[Event "NOR-ch Blitz"]
[Site "Drammen"]
[Date "2023.01.06"]
[Round "5"]
[White "Fossan, Erik"]
[Black "Shehzad, Shazil Khan"]
[Result "1-0"]
[WhiteElo "2334"]
[BlackElo "2289"]
[PlyCount "91"]
[EventDate "2023.01.06"]
[EventType "swiss (blitz)"]
[EventRounds "9"]
[EventCountry "NOR"]
[SourceTitle "CBM 212 Extra"]
[Source "ChessBase"]
[SourceDate "2023.03.31"]
[SourceVersion "1"]
[SourceVersionDate "2023.03.31"]
[SourceQuality "1"]

1. e4 Nc6 2. Nf3 d6 3. d4 Nf6 4. Nc3 g6 5. Bb5 a6 6. Bxc6+ bxc6 7. 0-0 Bg7 8. e5 Nd5 9. Ne4 0-0 10. h3 f5 11. exf6 Nxf6 12. Nxf6+ exf6 13. d5 c5 14. Bd2 f5 15. Bc3 Bxc3 16. bxc3 Qf6 17. Qd3 a5 18. Rfe1 Ba6 19. c4 Rfe8 20. Rab1 h6 21. Re2 Rxe2 22. Qxe2 Kf7 23. Re1 Rb8 24. h4 g5 25. hxg5 hxg5 26. Qe6+ Qxe6 27. Nxg5+ Kf6 28. Nxe6 Bxc4 29. Nxc7 Rb7 30. Ne8+ Kg5 31. Nxd6 Rb4 32. Nxc4 Rxc4 33. Rd1 Rd4 34. Rxd4 cxd4 35. Kf1 Kf4 36. Ke2 Ke5 37. Kd3 Kxd5 38. g3 Kc5 39. f3 a4 40. g4 fxg4 41. fxg4 Kb4 42. g5 Ka3 43. g6 Kxa2 44. g7 a3 45. g8Q+ Kb2 46. Qb3+ 1-0

[Event "NOR-ch rapid"]
[Site "Drammen"]
[Date "2018.01.06"]
[Round "4"]
[White "Fossan, Erik"]
[Black "Brodtkorb, Lars Johan"]
[Result "1/2-1/2"]
[WhiteElo "2345"]
[BlackElo "1931"]
[PlyCount "74"]
[EventDate "2018.01.06"]
[EventType "swiss (rapid)"]
[EventRounds "10"]
[EventCountry "NOR"]
[SourceTitle "CBM 182 Extra"]
[Source "ChessBase"]
[SourceDate "2018.02.23"]
[SourceVersion "1"]
[SourceVersionDate "2018.02.23"]
[SourceQuality "1"]

1. e4 c6 2. d4 d5 3. exd5 cxd5 4. c4 Nf6 5. Nc3 g6 6. Qb3 Bg7 7. cxd5 0-0 8. Be2 b6 9. Bf3 Bb7 10. Nge2 Na6 11. 0-0 Qd7 12. h3 Rad8 13. Nf4 Qc8 14. Re1 Rfe8 15. a4 Nc7 16. a5 b5 17. Nxb5 Nxb5 18. Qxb5 a6 19. Qb3 Qa8 20. Be3 Nxd5 21. Rac1 Rd7 22. Nxd5 Bxd5 23. Bxd5 Qxd5 24. Qa3 Bxd4 25. Rcd1 Qc4 26. Rd2 Bc5 27. Qxc5 Qxc5 28. Rxd7 Qxa5 29. Bd2 Qb5 30. Rexe7 Rxe7 31. Rxe7 Qxb2 32. Bh6 Qb8 33. Be3 Qd8 34. Ra7 a5 35. g3 a4 36. Kh2 Qe8 37. Bh6 f5 1/2-1/2

[Event "NOR-ch blitz"]
[Site "Drammen"]
[Date "2018.01.05"]
[Round "8"]
[White "Aulin Jansson, Joran"]
[Black "Fossan, Erik"]
[Result "0-1"]
[WhiteElo "2273"]
[BlackElo "2345"]
[PlyCount "90"]
[EventDate "2018.01.05"]
[EventType "swiss (blitz)"]
[EventRounds "9"]
[EventCountry "NOR"]
[SourceTitle "CBM 182 Extra"]
[Source "ChessBase"]
[SourceDate "2018.02.23"]
[SourceVersion "1"]
[SourceVersionDate "2018.02.23"]
[SourceQuality "1"]

1. e4 d5 2. Nc3 dxe4 3. d3 exd3 4. Bxd3 Nf6 5. Bg5 Bg4 6. Qd2 Nbd7 7. h3 Bh5 8. f4 e6 9. g4 Bg6 10. f5 exf5 11. gxf5 Bh5 12. Nge2 Ne5 13. Qe3 Qe7 14. Nd5 Nxd5 15. Bxe7 Nxe3 16. Bxf8 Nxd3+ 17. cxd3 Rxf8 18. Nf4 Bf3 19. Rh2 Nd5 20. Kf2 Nxf4 21. Kxf3 Nd5 22. Re2+ Kd7 23. a3 Rae8 24. Re4 Re7 25. Rae1 Rfe8 26. h4 h5 27. Rc1 Rxe4 28. dxe4 Nf6 29. Re1 Ng4 30. Kf4 f6 31. Rd1+ Ke7 32. Rc1 c6 33. b4 Rd8 34. a4 Rd4 35. b5 Kd6 36. bxc6 bxc6 37. Rb1 c5 38. Rb7 c4 39. Rxa7 c3 40. Ra6+ Kc5 41. Ra7 Rc4 42. Rc7+ Kb4 43. Rb7+ Kxa4 44. Rb1 c2 45. Rc1 Kb3 0-1

[Event "NOR-ch blitz"]
[Site "Drammen"]
[Date "2018.01.05"]
[Round "9"]
[White "Fossan, Erik"]
[Black "Urkedal, Frode Olav Olsen"]
[Result "0-1"]
[WhiteElo "2345"]
[BlackElo "2572"]
[PlyCount "80"]
[EventDate "2018.01.05"]
[EventType "swiss (blitz)"]
[EventRounds "9"]
[EventCountry "NOR"]
[SourceTitle "CBM 182 Extra"]
[Source "ChessBase"]
[SourceDate "2018.02.23"]
[SourceVersion "1"]
[SourceVersionDate "2018.02.23"]
[SourceQuality "1"]

1. e4 e5 2. Nf3 Nc6 3. Bc4 Nf6 4. d3 Be7 5. 0-0 0-0 6. Re1 d6 7. a4 Na5 8. Ba2 c5 9. Nc3 Nc6 10. Nd5 Nxd5 11. Bxd5 Be6 12. c3 Bxd5 13. exd5 Nb8 14. d4 cxd4 15. cxd4 exd4 16. Qxd4 Na6 17. Qg4 Nc5 18. Bg5 Bxg5 19. Nxg5 Qf6 20. b4 Nd3 21. Qe4 Qxf2+ 22. Kh1 Qxe1+ 23. Rxe1 Nf2+ 24. Kg1 Nxe4 25. Rxe4 h6 26. Nf3 Rfe8 27. Rd4 Rac8 28. Rd2 Rc4 29. Rb2 Ree4 30. Nd2 Rxb4 31. Nxe4 Rxb2 32. Nxd6 Rd2 33. Nxb7 Rxd5 34. Kf2 f5 35. Ke3 Kf7 36. a5 a6 37. h4 Ke7 38. h5 Kd7 39. g4 fxg4 40. Ke4 Kc6 0-1

[Event "NOR-ch"]
[Site "Stavanger"]
[Date "2017.07.02"]
[Round "3"]
[White "Machlik, Endre"]
[Black "Fossan, Erik"]
[Result "1/2-1/2"]
[WhiteElo "2194"]
[BlackElo "2347"]
[PlyCount "127"]
[EventDate "2017.06.30"]
[EventType "swiss"]
[EventRounds "9"]
[EventCountry "NOR"]
[SourceTitle "CBM 179 Extra"]
[Source "ChessBase"]
[SourceDate "2017.08.23"]
[SourceVersion "1"]
[SourceVersionDate "2017.08.23"]
[SourceQuality "1"]

1. d4 Nf6 2. c4 e6 3. Nc3 Bb4 4. Qc2 0-0 5. a3 Bxc3+ 6. Qxc3 b6 7. Bg5 h6 8. Bh4 Ba6 9. e3 d6 10. Bd3 Nbd7 11. Nf3 c5 12. 0-0 cxd4 13. exd4 Rc8 14. Qb3 Qc7 15. Rac1 d5 16. Qa4 Bxc4 17. Bxc4 dxc4 18. Bxf6 Nxf6 19. Ne5 Qd6 20. Rxc4 Rxc4 21. Qxc4 Rd8 22. Nf3 g5 23. h3 Qf4 24. Re1 Rd7 25. Re5 Kg7 26. Qc6 Rxd4 27. g3 Rd1+ 28. Kg2 Qc1 29. Qb5 Rd5 30. Rxd5 Nxd5 31. Qe2 Qc6 32. Kh2 Nf6 33. Nd4 Qe4 34. Qxe4 Nxe4 35. Kg2 Nd6 36. b4 b5 37. Nc6 a6 38. Nb8 Nc4 39. Nxa6 Nxa3 40. Kf3 f5 41. Ke3 e5 42. Kd3 Kf6 43. Nc7 Ke7 44. Nd5+ Ke6 45. Ne3 h5 46. Nd1 Nc4 47. Nc3 Nd6 48. f3 h4 49. gxh4 gxh4 50. Ke3 f4+ 51. Ke2 Kf5 52. Kd3 e4+ 53. fxe4+ Ke5 54. Ke2 Kd4 55. e5 Kxe5 56. Kf3 Kf5 57. Nd5 Nf7 58. Nxf4 Ng5+ 59. Ke3 Ke5 60. Ng6+ Kd5 61. Nxh4 Kc4 62. Nf5 Nxh3 63. Nd6+ Kxb4 64. Nxb5 1/2-1/2

[Event "Oslo sim"]
[Site "Oslo"]
[Date "2017.02.08"]
[Round "2.3"]
[White "Carlsen, Magnus"]
[Black "Fossan, Erik"]
[Result "0-1"]
[WhiteElo "2838"]
[BlackElo "2344"]
[PlyCount "114"]
[EventDate "2017.02.08"]
[EventType "simul"]
[EventRounds "2"]
[EventCountry "NOR"]
[SourceTitle "CBM 176 Extra"]
[Source "ChessBase"]
[SourceDate "2017.03.02"]
[SourceVersion "1"]
[SourceVersionDate "2017.03.02"]
[SourceQuality "1"]

1. Nf3 c5 2. g3 g6 3. c3 Bg7 4. d4 cxd4 5. cxd4 Nf6 6. Bg2 0-0 7. 0-0 d5 8. Ne5 Nfd7 9. Nxd7 Qxd7 10. Nc3 Nc6 11. Nxd5 e6 12. Nc3 Nxd4 13. Be3 e5 14. Rc1 Rb8 15. Nd5 Qb5 16. Bxd4 exd4 17. Qd2 Be6 18. Nc7 Qd7 19. Nxe6 Qxe6 20. b4 Rfe8 21. Bf3 b6 22. Rc6 Qe5 23. Rfc1 Re7 24. a4 h5 25. h4 Qf5 26. Rd6 Rc8 27. Rxc8+ Qxc8 28. Rc6 Rc7 29. b5 Be5 30. Qg5 Rxc6 31. bxc6 Qc7 32. Bxh5 Qxc6 33. Qxe5 gxh5 34. Qxd4 a6 35. Qd8+ Kg7 36. Qg5+ Kf8 37. Qxh5 Qxa4 38. Qh8+ Ke7 39. Qe5+ Kf8 40. h5 Kg8 41. Qg5+ Kh7 42. Qf5+ Kg7 43. h6+ Kxh6 44. Qf6+ Kh7 45. Qxf7+ Kh8 46. Qf6+ Kg8 47. Qg6+ Kf8 48. e4 Qa1+ 49. Kg2 a5 50. Qd6+ Ke8 51. e5 Qb1 52. e6 Qe4+ 53. f3 Qc2+ 54. Kh3 Qf5+ 55. Kh4 Qf6+ 56. Kg4 Qe7 57. Qxb6 Qb4+ 0-1

[Event "NOR-ch rapid"]
[Site "Sandefjord"]
[Date "2017.01.07"]
[Round "4"]
[White "Fossan, Erik"]
[Black "Nordquelle, Daniel"]
[Result "1-0"]
[WhiteElo "2344"]
[BlackElo "2132"]
[PlyCount "75"]
[EventDate "2017.01.07"]
[EventType "swiss (rapid)"]
[EventRounds "10"]
[EventCountry "NOR"]
[SourceTitle "CBM 176 Extra"]
[Source "ChessBase"]
[SourceDate "2017.03.02"]
[SourceVersion "1"]
[SourceVersionDate "2017.03.02"]
[SourceQuality "1"]

1. e4 c5 2. c3 d5 3. exd5 Qxd5 4. d4 Nf6 5. Nf3 Bg4 6. Be2 Nc6 7. 0-0 cxd4 8. cxd4 e6 9. h3 Bh5 10. Nc3 Qd6 11. Be3 Be7 12. a3 0-0 13. Qb3 b6 14. Rfd1 Rfd8 15. Rac1 Rac8 16. g4 Bg6 17. Ba6 Rb8 18. Nb5 Na5 19. Qc3 Qd5 20. Bf4 Ne4 21. Qe1 Nd6 22. Bxd6 Bxd6 23. Ne5 Bxe5 24. dxe5 Qf3 25. Rxd8+ Rxd8 26. Qd2 Rf8 27. Rc3 Qe4 28. Nxa7 Qxe5 29. b4 Qb8 30. Nc8 Nb7 31. Qd7 Qe5 32. Ne7+ Kh8 33. Rc8 h6 34. Nxg6+ fxg6 35. Rxf8+ Kh7 36. Qxb7 Qd6 37. Qb8 Qd1+ 38. Bf1 1-0

[Event "NOR-ch"]
[Site "Oslo"]
[Date "2015.07.10"]
[Round "8"]
[White "Fossan, Erik"]
[Black "Moen, Andreas"]
[Result "0-1"]
[WhiteElo "2356"]
[BlackElo "2361"]
[PlyCount "114"]
[EventDate "2015.07.04"]
[EventType "swiss"]
[EventRounds "9"]
[EventCountry "NOR"]
[SourceTitle "CBM 167 Extra"]
[Source "ChessBase"]
[SourceDate "2015.09.14"]
[SourceVersion "1"]
[SourceVersionDate "2015.09.14"]
[SourceQuality "1"]

1. e4 e5 2. Bc4 Nf6 3. d3 Nc6 4. Nf3 Bc5 5. Nc3 d6 6. Bg5 h6 7. Bxf6 Qxf6 8. Nd5 Qd8 9. c3 a6 10. d4 Ba7 11. dxe5 Nxe5 12. Nxe5 dxe5 13. Qh5 0-0 14. Qxe5 Re8 15. Qf4 Qd6 16. Qxd6 Rxe4+ 17. Ne3 cxd6 18. Bd5 Re7 19. 0-0-0 Bxe3+ 20. fxe3 Be6 21. Bxe6 Rxe6 22. Rd3 Kf8 23. Rf1 Rc8 24. Rd4 Ke7 25. Rdf4 f6 26. Rg4 g5 27. Rb4 b5 28. Kd2 Rc5 29. a4 Rce5 30. axb5 axb5 31. Rf3 f5 32. h3 h5 33. g4 fxg4 34. hxg4 h4 35. Ke2 Kd7 36. Rd4 Kc6 37. Kf2 Re4 38. Rf5 Rxe3 39. Rxg5 Re2+ 40. Kf3 Rxb2 41. Rh5 Rb3 42. g5 Rxc3+ 43. Kg4 Rc4 44. Rxc4+ bxc4 45. Kf5 Re8 46. g6 c3 47. Rxh4 Kc5 48. Kf6 c2 49. Rh1 Kb4 50. g7 Rg8 51. Rg1 d5 52. Ke5 Rxg7 53. Rxg7 c1Q 54. Rb7+ Ka5 55. Rd7 Qg5+ 56. Ke6 Qg4+ 57. Kd6 Qxd7+ 0-1

[Event "NOR-ch"]
[Site "Oslo"]
[Date "2015.07.06"]
[Round "4"]
[White "Fossan, Erik"]
[Black "Royset, Pal"]
[Result "1-0"]
[WhiteElo "2356"]
[BlackElo "2236"]
[PlyCount "117"]
[EventDate "2015.07.04"]
[EventType "swiss"]
[EventRounds "9"]
[EventCountry "NOR"]
[SourceTitle "CBM 167 Extra"]
[Source "ChessBase"]
[SourceDate "2015.09.14"]
[SourceVersion "1"]
[SourceVersionDate "2015.09.14"]
[SourceQuality "1"]

1. e4 e5 2. Nf3 Nc6 3. Bc4 Be7 4. d4 d6 5. h3 Nf6 6. Nc3 0-0 7. 0-0 a6 8. a4 Nxe4 9. Nxe4 d5 10. Bxd5 Qxd5 11. Nc3 Qd6 12. dxe5 Nxe5 13. Nxe5 Qxe5 14. Re1 Qd6 15. Bf4 Qxf4 16. Nd5 Qg5 17. Nxe7+ Kh8 18. Nxc8 Raxc8 19. Qf3 c6 20. Qb3 Rc7 21. Rad1 Qc5 22. Re2 b5 23. Rd3 h6 24. Qc3 Qxc3 25. Rxc3 c5 26. axb5 axb5 27. Re5 Rfc8 28. Kf1 Kg8 29. b3 Kf8 30. Rd5 Ke8 31. Ke2 Rc6 32. Kd3 Ke7 33. b4 c4+ 34. Kd4 Rd6 35. Re3+ Kd7 36. Ree5 Rb8 37. Kc5 Rxd5+ 38. Rxd5+ Kc7 39. Re5 Kd7 40. Re1 h5 41. h4 g6 42. c3 f6 43. Re2 Rb7 44. Re1 Rb8 45. Re3 Rb7 46. Rg3 Ke6 47. Rxg6 Ke5 48. Rg8 Ke4 49. Rd8 f5 50. Rd4+ Ke5 51. f4+ Kf6 52. Rd6+ Kg7 53. Rd5 Kf6 54. Kc6 Ra7 55. Rxb5 Ra3 56. Rc5 Rxc3 57. b5 Re3 58. Rxc4 Re4 59. Kd5 1-0

[Event "NOR-ch"]
[Site "Trondheim"]
[Date "2014.07.12"]
[Round "1"]
[White "Mikalsen, Erlend"]
[Black "Fossan, Erik"]
[Result "1/2-1/2"]
[WhiteElo "2128"]
[BlackElo "2362"]
[PlyCount "28"]
[EventDate "2014.07.12"]
[EventType "swiss"]
[EventRounds "9"]
[EventCountry "NOR"]
[SourceTitle "EXT 2015"]
[Source "ChessBase"]
[SourceDate "2014.11.20"]
[SourceVersion "1"]
[SourceVersionDate "2014.11.20"]
[SourceQuality "1"]

1. e4 d5 2. exd5 Nf6 3. d4 Bg4 4. Be2 Bxe2 5. Qxe2 Qxd5 6. Nf3 e6 7. 0-0 Bd6 8. Re1 0-0 9. Nc3 Qa5 10. Nb5 Bb4 11. c3 Be7 12. Bf4 Na6 13. c4 c6 14. Nd6 Bxd6 1/2-1/2

[Event "NOR-ch"]
[Site "Sandefjord"]
[Date "2012.07.16"]
[Round "9.5"]
[White "Fossan, Erik"]
[Black "Agdestein, Simen"]
[Result "0-1"]
[WhiteElo "2360"]
[BlackElo "2559"]
[PlyCount "143"]
[EventDate "2012.07.07"]
[EventType "swiss"]
[EventRounds "9"]
[EventCountry "NOR"]
[SourceTitle "CBM 149 Extra"]
[Source "ChessBase"]
[SourceDate "2012.08.24"]
[SourceVersion "1"]
[SourceVersionDate "2012.08.24"]
[SourceQuality "1"]

1. e4 e5 2. Nf3 Nc6 3. Bc4 Bc5 4. c3 Nf6 5. d3 0-0 6. Nbd2 d6 7. Bb3 h6 8. Nf1 Ne7 9. Ng3 Ng6 10. 0-0 Bb6 11. Re1 Nh7 12. h3 Nh4 13. Be3 Bxe3 14. Rxe3 Nxf3+ 15. Qxf3 Ng5 16. Qd1 g6 17. d4 Qf6 18. dxe5 dxe5 19. Qf1 h5 20. Rd1 Kg7 21. Rd2 h4 22. Ne2 Be6 23. Bxe6 Nxe6 24. f3 Rad8 25. Red3 Rxd3 26. Rxd3 Rd8 27. Qd1 Rxd3 28. Qxd3 Nc5 29. Qd5 Qd6 30. Qxd6 cxd6 31. c4 f5 32. Nc3 Kf6 33. exf5 gxf5 34. b3 Ke6 35. Kf2 Nd3+ 36. Ke3 Nf4 37. Kf2 Nd3+ 38. Ke3 Nf4 39. Kf2 a6 40. g3 hxg3+ 41. Kxg3 Kf6 42. Kh4 Kg6 43. Na4 Ne2 44. Nb6 Nd4 45. Kg3 f4+ 46. Kg4 Nf5 47. Nc8 Ne3+ 48. Kh4 Nf5+ 49. Kg4 d5 50. cxd5 Ne3+ 51. Kh4 Ng2+ 52. Kg4 Ne3+ 53. Kh4 Nxd5 54. Nd6 b5 55. a4 bxa4 56. bxa4 Ne3 57. Nb7 Nf5+ 58. Kg4 Ne3+ 59. Kh4 Nf1 60. Nc5 Nh2 61. Nxa6 Nxf3+ 62. Kg4 Nh2+ 63. Kh4 Nf3+ 64. Kg4 Nh2+ 65. Kh4 e4 66. Nc5 Kf5 67. a5 Nf3+ 68. Kh5 Nd4 69. a6 Nb5 70. Nb3 f3 71. Nd2 f2 72. Nb3 0-1

[Event "NOR-ch Rapid A"]
[Site "Fredrikstad"]
[Date "2012.01.08"]
[Round "10"]
[White "Miezis, Normunds"]
[Black "Fossan, Erik"]
[Result "1-0"]
[WhiteElo "2497"]
[BlackElo "2299"]
[PlyCount "120"]
[EventDate "2012.01.07"]
[EventType "swiss (rapid)"]
[EventRounds "10"]
[EventCountry "NOR"]
[SourceTitle "EXT 2023"]
[Source "ChessBase"]
[SourceDate "2022.10.05"]
[SourceVersion "1"]
[SourceVersionDate "2022.10.05"]
[SourceQuality "1"]

1. c4 c5 2. Nc3 Nc6 3. g3 g6 4. Bg2 Bg7 5. a3 d6 6. Rb1 a5 7. d3 Nf6 8. e4 0-0 9. Nge2 Bg4 10. f3 Be6 11. 0-0 Ne8 12. Be3 Nc7 13. Bf2 Rb8 14. a4 f5 15. f4 Bf7 16. b3 Ne6 17. Nb5 Ned4 18. Nexd4 Nxd4 19. Nxd4 cxd4 20. exf5 gxf5 21. Be1 d5 22. c5 b5 23. cxb6 Qxb6 24. b4 axb4 25. Bxb4 Qa7 26. a5 Rb5 27. Bd2 Rfb8 28. Rxb5 Rxb5 29. Re1 e6 30. Qc2 Bf8 31. Rb1 Be8 32. Rxb5 Bxb5 33. Qc8 Qa6 34. Qxa6 Bxa6 35. Bf1 Kf7 36. Kf2 Ke8 37. Ke2 Kd7 38. Bh3 h5 39. Bg2 Be7 40. h4 Bd6 41. Bf3 e5 42. fxe5 Bxe5 43. Bf4 Bf6 44. Bxh5 Bd8 45. Bd2 Bc7 46. g4 fxg4 47. Bxg4+ Ke7 48. h5 Kf7 49. Bf5 Kf6 50. Bd7 Kg7 51. Bc6 Bc8 52. Bxd5 Kf6 53. Kf3 Ba6 54. Be4 Kg7 55. h6+ Kh8 56. Bf4 Bxf4 57. Kxf4 Kg8 58. Ke5 Kh8 59. Kxd4 Kg8 60. Kc5 Bc8 1-0

[Event "NOR-ch Rapid A"]
[Site "Fredrikstad"]
[Date "2012.01.07"]
[Round "3"]
[White "Hammer, Jon Ludvig"]
[Black "Fossan, Erik"]
[Result "1-0"]
[WhiteElo "2621"]
[BlackElo "2299"]
[PlyCount "67"]
[EventDate "2012.01.07"]
[EventType "swiss (rapid)"]
[EventRounds "10"]
[EventCountry "NOR"]
[SourceTitle "EXT 2023"]
[Source "ChessBase"]
[SourceDate "2022.10.05"]
[SourceVersion "1"]
[SourceVersionDate "2022.10.05"]
[SourceQuality "1"]

1. d4 Nf6 2. c4 e6 3. Nc3 Bb4 4. Nf3 c5 5. g3 Ne4 6. Qc2 Qa5 7. Qxe4 Bxc3+ 8. Bd2 Bxd2+ 9. Nxd2 Nc6 10. d5 Nd4 11. e3 Nb3 12. Rd1 Qxa2 13. Bd3 Qxb2 14. Nxb3 Qxb3 15. 0-0 Qc3 16. g4 g6 17. f4 f5 18. gxf5 gxf5 19. Qf3 Qf6 20. d6 a5 21. Kh1 Rg8 22. e4 fxe4 23. Bxe4 Ra7 24. Qh5+ Kf8 25. Qxc5 Ra8 26. f5 e5 27. Rg1 a4 28. Rxg8+ Kxg8 29. Rg1+ Kf8 30. Bd5 Qh8 31. Qc7 Ke8 32. f6 Qxf6 33. Rg8+ Qf8 34. Qd8+ 1-0

[Event "Dos Hermanas Internet qual-C 10th"]
[Site "ICC INT"]
[Date "2009.03.14"]
[Round "9"]
[White "Fossan, Erik"]
[Black "Bermudez Barrera, Eduardo"]
[Result "0-1"]
[WhiteElo "2369"]
[BlackElo "2099"]
[PlyCount "124"]
[EventDate "2009.03.14"]
[EventType "swiss (blitz)"]
[EventRounds "12"]
[EventCountry "ESP"]
[SourceTitle "CBM 129 Extra"]
[Source "ChessBase"]
[SourceDate "2009.05.05"]
[SourceVersion "2"]
[SourceVersionDate "2009.05.20"]
[SourceQuality "1"]

1. e4 Nf6 2. e5 Nd5 3. c4 Nb6 4. d4 d6 5. f4 dxe5 6. fxe5 c5 7. Nf3 cxd4 8. Qxd4 Qxd4 9. Nxd4 e6 10. Nb5 Na6 11. Be2 Bb4+ 12. Bd2 0-0 13. 0-0 Bxd2 14. Nxd2 Bd7 15. Nd6 Bc6 16. Bf3 Bxf3 17. Nxf3 Rab8 18. b3 Nd7 19. Rad1 Ndc5 20. Nd4 Nc7 21. Rf3 b6 22. Rdf1 Nd7 23. Nxf7 h6 24. Nc6 Ra8 25. Rd1 Nc5 26. Nd6 Rxf3 27. gxf3 a5 28. Kg2 Kh7 29. Nd4 Rf8 30. N6b5 N7a6 31. Ne2 Nb4 32. Nec3 Nbd3 33. Nd6 Nxe5 34. Rf1 Ned3 35. Nce4 Nf4+ 36. Kg3 Nh5+ 37. Kf2 Nd3+ 38. Ke3 Nhf4 39. Nb5 Nb4 40. Rf2 Nh3 41. Rb2 Nf4 42. a3 Nbd3 43. b4 Nxb2 44. bxa5 bxa5 45. c5 Nc4+ 46. Kd4 Nb2 47. c6 Na4 48. c7 Nb6 49. Ned6 Nc8 50. Kc5 e5 51. Kc6 e4 52. fxe4 Ne6 53. Kb7 Nxd6+ 54. Nxd6 Nc5+ 55. Kc6 Nxe4 56. c8Q Rxc8+ 57. Nxc8 a4 58. Kb5 g5 59. Kxa4 g4 60. Kb4 h5 61. a4 h4 62. a5 g3 0-1